00351nam a2200133Ia 450000500170000000800460001703700120006304000210007504100130009608400190010910000250012824500200015326000440017320250508151736.0008 250505s9999 xx 000 0 hin d aTextual aFEDL bengcFEDL ahin2hin a901, MITqFEDL aMitra Gajendra Kumar 0aPrittirr Itihas aCalcutta, IndiabMitra and Ghosh c1958